[Event "Championnat de France - Open D"]
[Site "NANCY"]
[Date "2013.08.14"]
[Round "3.7"]
[White "Berthier, Grant"]
[Black "Lim, Nicolas"]
[Result "1/2-1/2"]
[WhiteElo "1472"]
[BlackElo "1380"]
[PlyCount "57"]
[EventDate "2013.??.??"]

1. d4 d5 2. Bf4 Nf6 3. e3 Bf5 4. c4 e6 5. Nc3 Nc6 6. a3 Be7 7. Nf3 h6 8. Be2 a6
9. c5 b6 10. b4 O-O 11. Ne5 Nxe5 12. dxe5 Ne4 13. Nxe4 Bxe4 14. f3 Bg6 15. cxb6
cxb6 16. O-O a5 17. Qd4 Rc8 18. Bd3 Bxd3 19. Qxd3 axb4 20. axb4 Bxb4 21. Rab1
Bc5 22. Kh1 f6 23. Qg6 Kh8 24. Bxh6 gxh6 25. Qxh6+ Kg8 26. Qg6+ Kh8 27. Qh6+
Kg8 28. Qg6+ Kh8 29. Qh6+ 1/2-1/2

[Event "Championnat de France - Open D"]
[Site "NANCY"]
[Date "2013.08.14"]
[Round "3.8"]
[White "Zounani, Sarah"]
[Black "Bellahcene, Anissa"]
[Result "0-1"]
[WhiteElo "1386"]
[BlackElo "1470"]
[PlyCount "78"]
[EventDate "2013.??.??"]

1. d4 d5 2. Nf3 Nf6 3. Bf4 e6 4. e3 c6 5. c4 Bd6 6. Bxd6 Qxd6 7. Nbd2 Nbd7 8.
Bd3 e5 9. e4 dxe4 10. Nxe4 Nxe4 11. Bxe4 Qb4+ 12. Qd2 Qxc4 13. Bf5 O-O 14. Bxd7
Bxd7 15. Nxe5 Rfe8 16. Kd1 Qd5 17. Nxd7 Qxd7 18. f3 Rad8 19. Re1 Rxe1+ 20. Kxe1
Qxd4 21. Qxd4 Rxd4 22. Rd1 Rxd1+ 23. Kxd1 Kf8 24. Kd2 Ke7 25. Kd3 f5 26. Kd4
Kd6 27. b4 b6 28. Ke3 Kd5 29. Kf4 Kc4 30. Kxf5 Kxb4 31. Ke6 c5 32. Kd5 Kc3 33.
f4 Kd3 34. f5 c4 35. g4 c3 36. g5 c2 37. f6 c1=Q 38. f7 Qxg5+ 39. Ke6 Qf6+ 0-1

[Event "Championnat de France - Open D"]
[Site "NANCY"]
[Date "2013.08.14"]
[Round "3.9"]
[White "Bertru, Yann-Erik"]
[Black "Robion, Francois"]
[Result "1/2-1/2"]
[WhiteElo "1470"]
[BlackElo "1310"]
[PlyCount "119"]
[EventDate "2013.??.??"]

1. e4 e5 2. Nf3 Nc6 3. d4 exd4 4. Bc4 Nf6 5. e5 Ng4 6. Nxd4 Ngxe5 7. Nxc6 Nxc6
8. O-O Bc5 9. Re1+ Ne7 10. Qd5 Bxf2+ 11. Kxf2 O-O 12. Qe4 Ng6 13. Nc3 d6 14.
Bd2 Bd7 15. Qxb7 Qh4+ 16. Kg1 Qxc4 17. Re4 Qc5+ 18. Be3 Bc6 19. Qxa8 Bxa8 20.
Bxc5 Bxe4 21. Nxe4 dxc5 22. Nxc5 Rd8 23. Nd3 Kf8 24. Re1 Rd6 25. Kf2 Rc6 26.
Nb4 Rb6 27. c3 c5 28. Nd3 Ra6 29. a3 Rb6 30. Re2 Rc6 31. Ne5 Nxe5 32. Rxe5 Rb6
33. b4 cxb4 34. axb4 Rc6 35. Rc5 Rd6 36. Rc7 Rd2+ 37. Kf1 Rc2 38. c4 Ke8 39. c5
Rb2 40. Rb7 Kd8 41. c6 a6 42. Rxf7 Rc2 43. Rxg7 Rxc6 44. Rxh7 Rb6 45. Rh4 Kc7
46. g4 Rxb4 47. Rh7+ Kd6 48. Rh6+ Ke5 49. h3 a5 50. Rh5+ Kf4 51. Rxa5 Rb2 52.
g5 Rh2 53. g6 Rxh3 54. Ra8 Rg3 55. Rg8 Kf5 56. Rf8+ Ke6 57. Rg8 Kf6 58. Rf8+
Ke6 59. Rg8 Kf6 60. Rf8+ 1/2-1/2

[Event "Championnat de France - Open D"]
[Site "NANCY"]
[Date "2013.08.14"]
[Round "3.10"]
[White "Navrotescu, Vlad-Andrei"]
[Black "Perrin, Sophie"]
[Result "1/2-1/2"]
[WhiteElo "1383"]
[BlackElo "1444"]
[PlyCount "57"]
[EventDate "2013.??.??"]

1. d4 d5 2. c4 e6 3. Nc3 Nf6 4. Bg5 Nbd7 5. e3 Be7 6. Nf3 O-O 7. Bd3 dxc4 8.
Bxc4 b6 9. Ne5 Bb7 10. Bb5 Bxg2 11. Rg1 Bb7 12. Nxd7 Nxd7 13. Bh6 Bf6 14. Qh5
Re8 15. Bxg7 Bxg7 16. O-O-O c6 17. Ne4 cxb5 18. Qh6 Kf8 19. Qxg7+ Ke7 20. Qg5+
Kf8 21. Qg7+ Ke7 22. Qg5+ Kf8 23. Qh6+ Ke7 24. Qh4+ Kf8 25. Qh6+ Ke7 26. Qg5+
Kf8 27. Qh6+ Ke7 28. Qg5+ Kf8 29. Qh6+ 1/2-1/2

[Event "Championnat de France - Open D"]
[Site "NANCY"]
[Date "2013.08.15"]
[Round "4.1"]
[White "Lopez, Charles"]
[Black "Courthaudon, Philippe"]
[Result "1-0"]
[WhiteElo "1428"]
[BlackElo "1499"]
[PlyCount "79"]
[EventDate "2013.??.??"]

1. d4 g6 2. c4 Bg7 3. Nf3 d6 4. g3 b6 5. Bg2 Bb7 6. O-O e6 7. Nc3 Nd7 8. Re1
Ne7 9. e4 a6 10. Be3 h6 11. Qc2 c5 12. Rad1 cxd4 13. Nxd4 Ne5 14. b3 Qc7 15.
Qe2 N7c6 16. Nxc6 Bxc6 17. f3 Nxf3+ 18. Bxf3 Bxc3 19. Rf1 Ke7 20. Qf2 Rab8 21.
Bg2 f6 22. Bf4 e5 23. Be3 Rhf8 24. Bxh6 Rf7 25. Kh1 Bd4 26. Qf3 Qc8 27. Bg7 f5
28. Bh6 Bxe4 29. Bg5+ Ke8 30. Qe2 Bxg2+ 31. Kxg2 Qc6+ 32. Rf3 e4 33. Rxd4 Kd7
34. Re3 Rh8 35. h4 Ke6 36. Qd2 Rd7 37. Rd5 Rg8 38. Qd4 Rf8 39. Kh3 Rff7 40.
Rxe4+ 1-0

[Event "Championnat de France - Open D"]
[Site "NANCY"]
[Date "2013.08.15"]
[Round "4.2"]
[White "Joly, Audrey"]
[Black "Pedarrieu, Gerard"]
[Result "1/2-1/2"]
[WhiteElo "1415"]
[BlackElo "1496"]
[PlyCount "93"]
[EventDate "2013.??.??"]

1. e4 e5 2. Nf3 Nc6 3. Bc4 Bc5 4. d3 h6 5. O-O d6 6. Be3 Bb6 7. Re1 Nf6 8. Nc3
O-O 9. h3 Ne7 10. d4 exd4 11. Bxd4 Nc6 12. Be3 Re8 13. Bd2 Ba5 14. Bd5 Nxd5 15.
Nxd5 Bxd2 16. Qxd2 Ne5 17. Nxe5 Rxe5 18. Qc3 c6 19. Nf4 Qh4 20. Qg3 Qxg3 21.
fxg3 Bd7 22. Rad1 g5 23. Nh5 Re6 24. e5 d5 25. Nf6+ Rxf6 26. exf6 Be6 27. Kf2
Kh7 28. Ke3 Kg6 29. Rf1 Re8 30. Kd4 b6 31. Rde1 c5+ 32. Ke5 Rd8 33. Rd1 d4 34.
a3 Rd5+ 35. Ke4 Rd7 36. c3 Bd5+ 37. Kd3 b5 38. Kc2 Bxg2 39. Rf2 d3+ 40. Kc1
Bxh3 41. Re1 Be6 42. Re5 Rc7 43. Kd2 a6 44. Kxd3 Rd7+ 45. Ke4 c4 46. Rc5 h5 47.
Re5 1/2-1/2

[Event "Championnat de France - Open D"]
[Site "NANCY"]
[Date "2013.08.15"]
[Round "4.3"]
[White "Venard, Gautier"]
[Black "Blondel, Francis"]
[Result "1-0"]
[WhiteElo "1381"]
[BlackElo "1489"]
[PlyCount "93"]
[EventDate "2013.??.??"]

1. e4 c5 2. d4 cxd4 3. c3 Nf6 4. e5 Nd5 5. Qxd4 e6 6. Nf3 Be7 7. Bd3 f5 8. O-O
Nc6 9. Qa4 a6 10. a3 Rb8 11. c4 Nc7 12. Qd1 O-O 13. Be3 b6 14. Re1 Ne8 15. Bd2
d6 16. Bf4 dxe5 17. Nxe5 Nxe5 18. Bxe5 Bd6 19. Bc2 Qc7 20. Bxd6 Qxd6 21. b4 Qc7
22. Bb3 Rf6 23. Re3 Rg6 24. Rg3 Rxg3 25. hxg3 Nd6 26. Qd3 h6 27. Nc3 Kh7 28.
Rd1 Nf7 29. Ne2 e5 30. g4 e4 31. Qd5 g6 32. c5 Kg7 33. Rc1 Qd7 34. Qxf7+ Qxf7
35. Bxf7 Kxf7 36. cxb6 Kf6 37. Rc6+ Kg5 38. gxf5 gxf5 39. Nc3 Bd7 40. Rd6 Rb7
41. a4 Be8 42. a5 Re7 43. Nd5 Rf7 44. Rd8 Bc6 45. Rg8+ Kh4 46. g3+ Kh5 47. Nf4#
1-0

[Event "Championnat de France - Open D"]
[Site "NANCY"]
[Date "2013.08.15"]
[Round "4.4"]
[White "Kneib, Bernard"]
[Black "Adrian, Louise"]
[Result "0-1"]
[WhiteElo "1486"]
[BlackElo "1376"]
[PlyCount "64"]
[EventDate "2013.??.??"]

1. d4 d5 2. Nf3 e6 3. e3 Bd6 4. Bd3 Nc6 5. c3 Nf6 6. O-O O-O 7. Nbd2 Re8 8. Re1
e5 9. e4 exd4 10. exd5 Rxe1+ 11. Qxe1 dxc3 12. Ne4 Nb4 13. Nxf6+ Qxf6 14. Qe8+
Bf8 15. Bg5 Qd6 16. Ne5 Nxd3 17. Qxf7+ Kh8 18. Nxd3 c2 19. Re1 Bd7 20. Bf4 Qg6
21. Qxg6 hxg6 22. Ne5 Bf5 23. h3 g5 24. Nf7+ Kg8 25. Nxg5 Rd8 26. Kh2 Rxd5 27.
Rc1 Rd1 28. g3 Bb4 29. Nf3 Be4 30. Kg2 Bd2 31. Bxd2 Rxd2 32. Kf1 Rd1+ 0-1

[Event "Championnat de France - Open D"]
[Site "NANCY"]
[Date "2013.08.15"]
[Round "4.5"]
[White "Bellahcene, Anissa"]
[Black "Perrin, Thomas"]
[Result "1-0"]
[WhiteElo "1470"]
[BlackElo "1352"]
[PlyCount "47"]
[EventDate "2013.??.??"]

1. e4 c5 2. c3 e6 3. d4 cxd4 4. cxd4 Ne7 5. Nc3 b6 6. Bf4 Ng6 7. Bg3 Bb4 8. Qc2
Bb7 9. a3 Bxc3+ 10. bxc3 O-O 11. Nf3 d5 12. e5 Nd7 13. Bd3 Rc8 14. h4 Re8 15.
h5 Ngf8 16. Bf4 h6 17. Rh3 Kh8 18. g4 Qc7 19. Rc1 Nb8 20. g5 hxg5 21. Bxg5 Nfd7
22. h6 Nf8 23. hxg7+ Kxg7 24. Bf6+ 1-0

[Event "Championnat de France - Open D"]
[Site "NANCY"]
[Date "2013.08.15"]
[Round "4.7"]
[White "Clement-Lacroix, Philippe"]
[Black "Lasmar, Lyes"]
[Result "0-1"]
[WhiteElo "1499"]
[BlackElo "1459"]
[PlyCount "104"]
[EventDate "2013.??.??"]

1. e4 e5 2. Nf3 Nc6 3. Bb5 a6 4. Bxc6 dxc6 5. O-O Bd6 6. d4 exd4 7. Nxd4 Be6 8.
h3 Qf6 9. Re1 O-O-O 10. Be3 Be5 11. c3 c5 12. Qa4 cxd4 13. Bxd4 Bxd4 14. cxd4
Qxd4 15. Qc2 Qc4 16. Nc3 Ne7 17. Rad1 Rxd1 18. Rxd1 Rd8 19. Rxd8+ Kxd8 20. Qd2+
Kc8 21. Qg5 Ng6 22. f4 Qd4+ 23. Kf1 Qf6 24. Qxf6 gxf6 25. f5 Bc4+ 26. Kf2 Ne5
27. b3 Bd3 28. Ke3 c6 29. g4 h6 30. h4 Kd7 31. Na4 Kd6 32. Kf4 a5 33. Nb6 Bb1
34. a4 Bc2 35. Nc8+ Kd7 36. Nb6+ Kc7 37. g5 hxg5+ 38. hxg5 fxg5+ 39. Kxe5 Kxb6
40. f6 Bxb3 41. Kf5 c5 42. e5 Be6+ 43. Kxg5 c4 44. Kf4 Kc5 45. Ke4 Kb4 46. Ke3
Kxa4 47. Kd2 Kb3 48. Kc1 a4 49. Kb1 c3 50. Ka1 a3 51. Kb1 c2+ 52. Ka1 c1=Q# 0-1

[Event "Championnat de France - Open D"]
[Site "NANCY"]
[Date "2013.08.15"]
[Round "4.8"]
[White "Dupont, Jonathan"]
[Black "Benezra, David"]
[Result "1/2-1/2"]
[WhiteElo "1499"]
[BlackElo "1440"]
[PlyCount "82"]
[EventDate "2013.??.??"]

1. e4 c5 2. Nf3 e6 3. c3 Nc6 4. d4 d5 5. e5 cxd4 6. cxd4 Nge7 7. Bd3 Qb6 8. O-O
Bd7 9. Be3 Qxb2 10. Nbd2 Qc3 11. Qb3 Qxb3 12. Nxb3 b6 13. a4 Nb4 14. Be2 Nc2
15. Ra2 Nxe3 16. fxe3 a5 17. Bb5 Bxb5 18. axb5 g6 19. g4 h5 20. Ng5 hxg4 21.
Nxf7 Bh6 22. Nxh8 Bxe3+ 23. Kh1 Kd7 24. Nxg6 Nxg6 25. Re2 Bf4 26. Rg1 g3 27.
hxg3 Rh8+ 28. Rh2 Rxh2+ 29. Kxh2 Be3 30. Rd1 Ne7 31. Rd3 Bg5 32. Kg2 Nf5 33.
Kf3 Ke7 34. Rc3 a4 35. Na1 Nxd4+ 36. Kg4 Bd2 37. Rc7+ Kf8 38. Kh5 Nxb5 39. Rc6
Be1 40. Rxe6 Bxg3 41. Rxb6 Bxe5 1/2-1/2

[Event "Championnat de France - Open D"]
[Site "NANCY"]
[Date "2013.08.15"]
[Round "4.9"]
[White "Perrin, Sophie"]
[Black "Berthier, Grant"]
[Result "1-0"]
[WhiteElo "1444"]
[BlackElo "1472"]
[PlyCount "109"]
[EventDate "2013.??.??"]

1. d4 Nf6 2. c4 e6 3. Nc3 d5 4. Bg5 h6 5. Bh4 g5 6. Bg3 b6 7. Nf3 Nbd7 8. e3
Bb4 9. a3 Bxc3+ 10. bxc3 Ne4 11. Qc2 h5 12. h3 Nxg3 13. fxg3 Qf6 14. cxd5 exd5
15. Bd3 Qd6 16. Qf2 Qc6 17. Rc1 Rg8 18. O-O Qf6 19. Nd2 Qxf2+ 20. Rxf2 Bb7 21.
Rcf1 Rf8 22. Rf5 f6 23. h4 gxh4 24. gxh4 Rh8 25. Be2 O-O-O 26. Rxh5 Rde8 27.
Rxh8 Rxh8 28. g3 Rg8 29. Kh2 Re8 30. Rf3 c5 31. h5 Rh8 32. Rf5 Rh6 33. Bf3 cxd4
34. cxd4 Nb8 35. Bxd5 Bxd5 36. Rxd5 Kc7 37. g4 Nc6 38. Kg3 a6 39. Rf5 Ne7 40.
Rf3 Kd6 41. e4 Nc6 42. Nb3 a5 43. a4 Nb4 44. Kh4 Nc2 45. g5 fxg5+ 46. Kxg5 Rh8
47. Rf6+ Kc7 48. Rf7+ Kc8 49. Kg6 Re8 50. h6 Rxe4 51. h7 Rh4 52. Rf8+ Kd7 53.
h8=Q Rxh8 54. Rxh8 Kc6 55. Rc8+ 1-0

[Event "Championnat de France - Open D"]
[Site "NANCY"]
[Date "2013.08.15"]
[Round "4.10"]
[White "Lim, Nicolas"]
[Black "Bertru, Yann-Erik"]
[Result "1/2-1/2"]
[WhiteElo "1380"]
[BlackElo "1470"]
[PlyCount "126"]
[EventDate "2013.??.??"]

1. d4 Nf6 2. c4 g6 3. Nc3 Bg7 4. e4 d6 5. Bd3 e5 6. d5 O-O 7. Nge2 Nbd7 8. b4
c5 9. a3 a5 10. bxc5 Nxc5 11. Bc2 Bd7 12. f3 a4 13. Be3 Qa5 14. Rb1 Qa6 15. Rb4
Rfb8 16. Qb1 b6 17. Nb5 Ne8 18. h4 Qa5 19. Bd2 Qa6 20. Nec3 Bxb5 21. Nxb5 Qb7
22. g4 h6 23. Qc1 Kh7 24. h5 g5 25. Nc3 Qd7 26. Qb1 Ra6 27. Be3 Nf6 28. Bxc5
dxc5 29. Rxa4 Rxa4 30. Nxa4 Rb7 31. Nc3 Rb8 32. Qb2 Qa7 33. Nb5 Qa5+ 34. Ke2
Rd8 35. Rb1 Ne8 36. a4 Nd6 37. Na3 Rb8 38. Kd3 Qa6 39. Nb5 Nxb5 40. Qxb5 Qxb5
41. Rxb5 Bf6 42. a5 Bd8 43. axb6 Rxb6 44. Rxc5 Rf6 45. Bd1 Ra6 46. Rb5 Ra3+ 47.
Kc2 Ra2+ 48. Kb3 Rd2 49. Rb8 Bf6 50. Rb6 Kg7 51. Bc2 Rf2 52. c5 Rxf3+ 53. Kc4
Bd8 54. Rb8 Ba5 55. Rb3 Rf6 56. c6 Kf8 57. Kb5 Bc7 58. Rd3 Ke7 59. Bd1 Kd6 60.
Rf3 Rxf3 61. Bxf3 f6 62. Ka6 Bd8 63. Kb7 Ba5 1/2-1/2

[Event "Championnat de France - Open D"]
[Site "NANCY"]
[Date "2013.08.16"]
[Round "5.1"]
[White "Adrian, Louise"]
[Black "Bellahcene, Anissa"]
[Result "1-0"]
[WhiteElo "1376"]
[BlackElo "1470"]
[PlyCount "89"]
[EventDate "2013.??.??"]

1. d4 d5 2. c4 c6 3. Nf3 Nf6 4. Nc3 e6 5. cxd5 exd5 6. Qc2 Nbd7 7. Bf4 Be7 8.
e3 Nh5 9. Bg3 Nxg3 10. hxg3 Nf6 11. Bd3 Qc7 12. O-O-O Be6 13. Ng5 O-O-O 14. Bf5
Bxf5 15. Qxf5+ Nd7 16. Nf3 Bf6 17. Kb1 Kb8 18. Rxh7 g6 19. Qh3 Nb6 20. Rxh8
Rxh8 21. Qg4 Ka8 22. Rc1 Nc4 23. b3 Nd6 24. Qf4 Qe7 25. Re1 Qd8 26. g4 g5 27.
Qg3 Be7 28. Kb2 Qb6 29. Nd2 Qa5 30. Ndb1 Qb4 31. Ka1 a5 32. Rc1 Nb5 33. Nxb5
Qxb5 34. Qe5 Re8 35. Qc7 c5 36. Nc3 Qd3 37. Qd7 Rh8 38. Qxe7 cxd4 39. exd4 Qd2
40. Qe3 Qxe3 41. fxe3 Rh2 42. Nxd5 Rxg2 43. Nf6 Re2 44. e4 Rf2 45. e5 1-0

[Event "Championnat de France - Open D"]
[Site "NANCY"]
[Date "2013.08.16"]
[Round "5.2"]
[White "Fornes, Paul"]
[Black "Lopez, Charles"]
[Result "1-0"]
[WhiteElo "1443"]
[BlackElo "1428"]
[PlyCount "31"]
[EventDate "2013.??.??"]

1. d4 d5 2. Nf3 Nf6 3. e3 c6 4. Bd3 Nbd7 5. O-O Qc7 6. Re1 e5 7. dxe5 Nxe5 8.
Nxe5 Qxe5 9. Nd2 Bg4 10. f3 Bd6 11. Nf1 Bh5 12. Ng3 Rc8 13. f4 Qxe3+ 14. Bxe3
Bxd1 15. Raxd1 Ng4 16. Bf5 1-0

[Event "Championnat de France - Open D"]
[Site "NANCY"]
[Date "2013.08.16"]
[Round "5.3"]
[White "Pedarrieu, Gerard"]
[Black "Venard, Gautier"]
[Result "0-1"]
[WhiteElo "1496"]
[BlackElo "1381"]
[PlyCount "79"]
[EventDate "2013.??.??"]

1. e4 e6 2. Nf3 d5 3. exd5 exd5 4. d4 Bg4 5. Be2 Nc6 6. O-O Bd6 7. Re1 Nge7 8.
Bg5 f6 9. Bc1 Qd7 10. Nh4 h5 11. Ng6 Rh7 12. Bf4 Bxf4 13. Nxf4 O-O-O 14. h3
Bxe2 15. Rxe2 g5 16. Ne6 Rg8 17. Qd3 Rhh8 18. Nd2 g4 19. h4 Ng6 20. g3 Nce7 21.
c4 f5 22. Rc1 c6 23. b4 f4 24. b5 fxg3 25. fxg3 Kb8 26. Nb3 Nf8 27. bxc6 Nxc6
28. Nbc5 Qd6 29. Qb3 Rh7 30. cxd5 Na5 31. Qb5 Qxg3+ 32. Rg2 Qe3+ 33. Kh2 Nxe6
34. Rf1 g3+ 35. Kh1 Nf4 36. Rxf4 Qxf4 37. Na6+ Ka8 38. Rc2 Qxh4+ 39. Kg1 Qxd4+
40. Kg2 0-1

[Event "Championnat de France - Open D"]
[Site "NANCY"]
[Date "2013.08.16"]
[Round "5.4"]
[White "Mautin, Arthur"]
[Black "Perrin, Sophie"]
[Result "1-0"]
[WhiteElo "1468"]
[BlackElo "1444"]
[PlyCount "79"]
[EventDate "2013.??.??"]

1. d4 d5 2. c4 e6 3. Nc3 Nf6 4. Bg5 Nbd7 5. Nf3 Be7 6. e3 O-O 7. Qc2 b6 8. Rd1
Bb7 9. a3 c5 10. h3 Rc8 11. cxd5 exd5 12. Bd3 h6 13. Bf4 Re8 14. O-O a5 15. Rb1
Nb8 16. Bb5 Bc6 17. Rfe1 Bd6 18. Bxd6 Qxd6 19. dxc5 bxc5 20. e4 Qd7 21. Bxc6
Nxc6 22. e5 Nh7 23. Nxd5 Qe6 24. Nf4 Qe7 25. e6 fxe6 26. Nxe6 Qa7 27. Qf5 Ne7
28. Qe5 Nf6 29. Nh4 a4 30. Qg3 Nc6 31. Nf5 Rb8 32. Nfxg7 Rec8 33. Nf5+ Kh7 34.
Nh4 Rg8 35. Qd3+ Kh8 36. Ng6+ Kh7 37. Ne5+ Kh8 38. Nxc6 Qb7 39. Qf3 Rbc8 40.
Qxf6+ 1-0

[Event "Championnat de France - Open D"]
[Site "NANCY"]
[Date "2013.08.16"]
[Round "5.5"]
[White "Lasmar, Lyes"]
[Black "Joly, Audrey"]
[Result "1-0"]
[WhiteElo "1459"]
[BlackElo "1415"]
[PlyCount "143"]
[EventDate "2013.??.??"]

1. e4 e5 2. Nf3 Nc6 3. Bc4 Bc5 4. b4 Bxb4 5. c3 Be7 6. d4 d6 7. Qb3 Qd7 8.
Bxf7+ Kd8 9. Bxg8 Qe8 10. Bc4 Na5 11. Qb5 Qxb5 12. Bxb5 c6 13. Be2 exd4 14.
cxd4 Be6 15. Bg5 Re8 16. Bxe7+ Rxe7 17. Ng5 h6 18. Nxe6+ Rxe6 19. f3 Kc7 20.
O-O Rf8 21. Nd2 d5 22. Bd3 Rd8 23. e5 Kb8 24. Rfe1 Rf8 25. Nb3 Nc4 26. Nc5 Re7
27. Re2 b6 28. Nb3 Rc8 29. Rc1 b5 30. Nc5 Rf8 31. Bxc4 dxc4 32. Re4 Rf5 33. Kf2
Kc7 34. g4 Rf8 35. Kg3 g5 36. Rb1 a5 37. a4 b4 38. Na6+ Kb6 39. Nxb4 axb4 40.
Rxb4+ Ka5 41. Rxc4 Re6 42. f4 gxf4+ 43. Rxf4 Rb8 44. h3 Rb3+ 45. Rf3 Rb4 46.
Rxb4 Kxb4 47. Rf6 Re8 48. Rxc6 Rd8 49. Rd6 Rc8 50. Rxh6 Rc3+ 51. Kh4 Rd3 52.
Rd6 Kxa4 53. e6 Kb5 54. g5 Re3 55. g6 Re4+ 56. Kh5 Re3 57. h4 Rg3 58. Kh6 Rg4
59. h5 Kc4 60. Kh7 Rxd4 61. Rxd4+ Kxd4 62. e7 Kd5 63. g7 Kd4 64. e8=Q Kd5 65.
g8=Q+ Kd4 66. Qg4+ Kd5 67. Qb5+ Kd6 68. Qg6+ Kc7 69. Qbf5 Kd8 70. Qf8+ Kd7 71.
Qff7+ Kd8 72. Qgg8# 1-0

[Event "Championnat de France - Open D"]
[Site "NANCY"]
[Date "2013.08.16"]
[Round "5.6"]
[White "Navrotescu, Vlad-Andrei"]
[Black "Courthaudon, Philippe"]
[Result "1-0"]
[WhiteElo "1383"]
[BlackElo "1499"]
[PlyCount "83"]
[EventDate "2013.??.??"]

1. d4 g6 2. c4 Bg7 3. Nf3 d6 4. Nc3 e6 5. g3 Nd7 6. Bg2 Ne7 7. e4 b6 8. O-O Bb7
9. Be3 a6 10. Qd2 h6 11. h4 c5 12. Nh2 Qc7 13. d5 Ne5 14. Qe2 O-O 15. f4 Nd7
16. g4 Rae8 17. Kf2 Kh7 18. Nf3 Nf6 19. Bh3 Bc8 20. e5 Nfg8 21. Ne4 dxe5 22. d6
Qb7 23. dxe7 Rxe7 24. Nd6 Qc7 25. fxe5 Rd7 26. Bf4 f6 27. Nxc8 Qxc8 28. exf6
Rxf6 29. Be5 Rf8 30. Bxg7 Rxg7 31. Kg1 Rgf7 32. Ne5 Rf4 33. Rxf4 Rxf4 34. Qd3
Ne7 35. Qd6 Qf8 36. Qxe6 h5 37. Nd7 Qg7 38. Rf1 Qd4+ 39. Kh1 Qe4+ 40. Qxe4 Rxe4
41. Rf7+ Kh8 42. Nf6 1-0

[Event "Championnat de France - Open D"]
[Site "NANCY"]
[Date "2013.08.16"]
[Round "5.8"]
[White "Wolfangel, Jocelyne"]
[Black "Saucey, Milena"]
[Result "1-0"]
[WhiteElo "1433"]
[BlackElo "1492"]
[PlyCount "45"]
[EventDate "2013.??.??"]

1. d4 Nf6 2. c4 e6 3. Nf3 Bb4+ 4. Bd2 Qe7 5. Nc3 O-O 6. a3 Bxc3 7. Bxc3 d6 8.
e3 c5 9. Be2 Nc6 10. O-O Ne4 11. Be1 Qd8 12. Bd3 Nf6 13. Bc3 Re8 14. Bc2 Qe7
15. dxc5 dxc5 16. b4 Rd8 17. Qb1 h6 18. b5 Nb8 19. Rd1 b6 20. Rxd8+ Qxd8 21.
Qd1 Qxd1+ 22. Rxd1 Nfd7 23. Be4 1-0

[Event "Championnat de France - Open D"]
[Site "NANCY"]
[Date "2013.08.16"]
[Round "5.9"]
[White "Reallon, Elsa"]
[Black "Couve, Mathieu"]
[Result "0-1"]
[WhiteElo "1491"]
[BlackElo "1425"]
[PlyCount "46"]
[EventDate "2013.??.??"]

1. e4 c5 2. Nc3 e6 3. g3 d5 4. d3 d4 5. Nce2 Nf6 6. Bg2 Be7 7. f4 Nc6 8. Nf3 a6
9. Bd2 Rb8 10. O-O O-O 11. Rc1 b5 12. Bh3 Qb6 13. c3 dxc3 14. Bxc3 c4+ 15. Kh1
Rd8 16. Bd4 Nxd4 17. Nexd4 Bc5 18. dxc4 Bxd4 19. Nxd4 Qxd4 20. Qxd4 Rxd4 21.
Rcd1 Rxd1 22. Rxd1 Bb7 23. cxb5 axb5 0-1

[Event "26682 - Championnat de France - Open D"]
[Site "NANCY"]
[Date "2013.08.18"]
[Round "6.1"]
[White "Venard, Gautier"]
[Black "Fornes, Paul"]
[Result "1-0"]
[WhiteElo "1381"]
[BlackElo "1443"]
[PlyCount "49"]
[EventDate "2013.??.??"]

1. e4 Nf6 2. Nc3 d5 3. e5 Ne4 4. Nce2 f6 5. d3 Ng5 6. Bxg5 fxg5 7. d4 Bf5 8.
Ng3 Bg6 9. Nf3 e6 10. Bd3 Bxd3 11. Qxd3 g4 12. Nd2 Nc6 13. c3 a6 14. O-O-O Na5
15. f4 g6 16. h4 Bh6 17. h5 Kf7 18. hxg6+ hxg6 19. Rdf1 Kg7 20. Qe2 Qd7 21.
Qxg4 Kf7 22. f5 exf5 23. Nxf5 gxf5 24. Rxf5+ Ke7 25. Rf7+ 1-0

[Event "26682 - Championnat de France - Open D"]
[Site "NANCY"]
[Date "2013.08.18"]
[Round "6.2"]
[White "Mautin, Arthur"]
[Black "Adrian, Louise"]
[Result "1-0"]
[WhiteElo "1468"]
[BlackElo "1376"]
[PlyCount "93"]
[EventDate "2013.??.??"]

1. d4 d5 2. c4 e5 3. dxe5 d4 4. Nf3 Nc6 5. a3 a5 6. Bf4 Nge7 7. g3 Ng6 8. Bg5
Be7 9. Bxe7 Qxe7 10. Nxd4 Ngxe5 11. Bg2 Nxd4 12. Qxd4 Bh3 13. O-O Bxg2 14. Kxg2
O-O 15. Nc3 Rfe8 16. Nd5 Qd6 17. Rad1 Rad8 18. Qc3 Qc6 19. Kg1 Rd6 20. Ne3 f6
21. Rxd6 Qxd6 22. Rd1 Qc6 23. c5 Nd7 24. b4 Qa4 25. Qd3 Nf8 26. Qc4+ Kh8 27.
Qf7 axb4 28. axb4 Qc6 29. Nf5 Ne6 30. Rd7 Rg8 31. Ne7 Rf8 32. Qxf8+ Nxf8 33.
Rd8 g6 34. Nxc6 Kg7 35. Na5 b6 36. cxb6 cxb6 37. Nc4 b5 38. Nd6 Ne6 39. Rd7+
Kh6 40. Nxb5 Nf8 41. Rd6 g5 42. Nc7 Ng6 43. b5 Ne5 44. b6 Nc4 45. Rxf6+ Kg7 46.
Rc6 Nxb6 47. Rxb6 1-0

[Event "26682 - Championnat de France - Open D"]
[Site "NANCY"]
[Date "2013.08.18"]
[Round "6.3"]
[White "Navrotescu, Vlad-Andrei"]
[Black "Lasmar, Lyes"]
[Result "1/2-1/2"]
[WhiteElo "1383"]
[BlackElo "1459"]
[PlyCount "100"]
[EventDate "2013.??.??"]

1. d4 d5 2. c4 c6 3. Nf3 Nf6 4. Nc3 dxc4 5. a4 Bg4 6. Ne5 Bh5 7. g3 e6 8. Bg2
Nbd7 9. Nxc4 Bb4 10. Qb3 a5 11. e3 O-O 12. O-O Nd5 13. Nxd5 exd5 14. Nd2 Nf6
15. Nf3 Qc8 16. Ne5 Be2 17. Nd3 Bxf1 18. Kxf1 Bd6 19. Qb6 Qc7 20. Qb3 Qe7 21.
Bd2 Ne4 22. Be1 Bb4 23. Nxb4 axb4 24. Bxb4 c5 25. dxc5 Rfd8 26. c6 Qc7 27. Bxe4
dxe4 28. cxb7 Qxb7 29. Qc4 Rac8 30. Qb5 Qxb5+ 31. axb5 Rb8 32. Ba5 Ra8 33. b6
Rdb8 34. Ra3 Rb7 35. Rc3 h6 36. Rc7 Rab8 37. b4 Kf8 38. b5 Kg8 39. Ke2 Kf8 40.
Kd2 Ke8 41. Kc3 Rxb6 42. Bxb6 Rxb6 43. Kc4 Rf6 44. Rc6 Rxf2 45. Kc5 Kd7 46.
Rd6+ Ke7 47. Rd4 Rxh2 48. Rxe4+ Kd7 49. Rd4+ Kc8 50. Rc4 Kb7 1/2-1/2

[Event "26682 - Championnat de France - Open D"]
[Site "NANCY"]
[Date "2013.08.18"]
[Round "6.4"]
[White "Benezra, David"]
[Black "Blondel, Francis"]
[Result "1-0"]
[WhiteElo "1440"]
[BlackElo "1489"]
[PlyCount "57"]
[EventDate "2013.??.??"]

1. e4 c5 2. Nf3 e6 3. d4 cxd4 4. Nxd4 a6 5. Bd3 Bc5 6. Nb3 Be7 7. c4 Nc6 8. Qe2
Bf6 9. O-O Nge7 10. f4 d6 11. Kh1 O-O 12. N1d2 Bd7 13. Nf3 Ng6 14. e5 dxe5 15.
Bxg6 hxg6 16. Nxe5 Nxe5 17. fxe5 Bg5 18. Qg4 Bh6 19. Rf3 Bc6 20. Rh3 Kh7 21.
Bg5 f6 22. exf6 Rxf6 23. Qh4 Qf8 24. Bxf6 Qxf6 25. Qxf6 gxf6 26. Rd1 Kg7 27.
Nd4 Re8 28. Nxc6 bxc6 29. Rd7+ 1-0

[Event "26682 - Championnat de France - Open D"]
[Site "NANCY"]
[Date "2013.08.18"]
[Round "6.5"]
[White "Kneib, Bernard"]
[Black "Coiffait, Claire-Alix"]
[Result "1-0"]
[WhiteElo "1486"]
[BlackElo "1436"]
[PlyCount "73"]
[EventDate "2013.??.??"]

1. d4 e6 2. Nf3 f5 3. e3 Nf6 4. c4 d6 5. Nc3 g6 6. g3 Bg7 7. Bg2 O-O 8. O-O c6
9. Re1 Ne4 10. Qc2 d5 11. b3 Nd7 12. Rb1 Nb6 13. c5 Nd7 14. Ne2 e5 15. dxe5
Nxe5 16. Nxe5 Bxe5 17. b4 a5 18. a3 axb4 19. axb4 b6 20. f3 Nf6 21. Nd4 Bd7 22.
Bb2 Qb8 23. Ne2 Ra2 24. Nc3 Ra7 25. Ne2 bxc5 26. Bxe5 Qxe5 27. Qxc5 Rfa8 28.
Nd4 Ra6 29. Bf1 Ra3 30. Nxc6 Qe6 31. b5 Bxc6 32. bxc6 R3a5 33. Rb5 R5a7 34.
Reb1 Rc7 35. Rb8+ Rxb8 36. Rxb8+ Kg7 37. Qf8# 1-0

[Event "26682 - Championnat de France - Open D"]
[Site "NANCY"]
[Date "2013.08.18"]
[Round "6.6"]
[White "Bellahcene, Anissa"]
[Black "Wolfangel, Jocelyne"]
[Result "1-0"]
[WhiteElo "1470"]
[BlackElo "1433"]
[PlyCount "93"]
[EventDate "2013.??.??"]

1. e4 d5 2. exd5 Qxd5 3. Nc3 Qd6 4. d4 c6 5. Nf3 Bg4 6. h3 Bh5 7. g4 Bg6 8. Ne5
Nf6 9. Bf4 Nd5 10. Nxd5 Qxd5 11. Nxg6 hxg6 12. Rg1 Qe4+ 13. Be3 Qd5 14. Qd2 e6
15. Bg2 Qd8 16. O-O-O Be7 17. f4 Nd7 18. Qd3 Nb6 19. f5 Bg5 20. fxe6 Bxe3+ 21.
Qxe3 O-O 22. e7 Nd5 23. Bxd5 Qxd5 24. exf8=Q+ Kxf8 25. Rgf1 f6 26. Qa3+ Kf7 27.
Qb3 b5 28. Qxd5+ cxd5 29. Rd3 Re8 30. Kd2 a5 31. Rc3 Re4 32. Rc7+ Kg8 33. Kd3
Re8 34. Rc5 Rd8 35. Rxb5 a4 36. Ra5 Rb8 37. b3 axb3 38. axb3 Rd8 39. b4 Kf7 40.
Re1 Rd7 41. b5 f5 42. gxf5 gxf5 43. b6 Kf6 44. Ra7 Rd8 45. b7 Rb8 46. Rb1 g5
47. Ra8 1-0